Fundamentals of plant-pest control / (Record no. 9103)
[ view plain ]
| 000 -LEADER | |
|---|---|
| fixed length control field | 00712nac a22002051u 4500 |
| 020 ## - INTERNATIONAL STANDARD BOOK NUMBER | |
| International Standard Book Number | 0716700417 |
| 082 ## - DEWEY DECIMAL CLASSIFICATION NUMBER | |
| Classification number | 632.9 |
| Item number | ROB |
| 090 ## - LOCALLY ASSIGNED LC-TYPE CALL NUMBER (OCLC); LOCAL CALL NUMBER (OCLC) | |
| -- | 9103 |
| -- | 9103 |
| 100 ## - MAIN ENTRY--PERSONAL NAME | |
| Personal name | Roberts, Daniel Altman |
| 245 ## - TITLE STATEMENT | |
| Title | Fundamentals of plant-pest control / |
| Statement of responsibility, etc | Daniel Altman Roberts, with chapters contributed by ... [others]. |
| 260 ## - PUBLICATION, DISTRIBUTION, ETC. (IMPRINT) | |
| Place of publication, distribution, etc | San Francisco : |
| Name of publisher, distributor, etc | W. H. Freeman, 1978. |
| Date of publication, distribution, etc | 1978 |
| 300 ## - PHYSICAL DESCRIPTION | |
| Extent | xiii,242p. : |
| Other physical details | ill., maps ; |
| Dimensions | 25cm. |
| 500 ## - GENERAL NOTE | |
| General note | Includes bibliographies and index. |
| 500 ## - GENERAL NOTE | |
| General note | distributer: Al-Ahram |
| 511 ## - PARTICIPANT OR PERFORMER NOTE | |
| Participant or performer note | catalogued by: wessam |
| 650 ## - SUBJECT ADDED ENTRY--TOPICAL TERM | |
| Topical term or geographic name as entry element | Pests |
| General subdivision | Control. |
| 650 ## - SUBJECT ADDED ENTRY--TOPICAL TERM | |
| Topical term or geographic name as entry element | Agricultural pests |
| General subdivision | Control. |
| 650 ## - SUBJECT ADDED ENTRY--TOPICAL TERM | |
| Topical term or geographic name as entry element | Plant diseases. |
| 942 ## - ADDED ENTRY ELEMENTS (KOHA) | |
| Item type | Book - Borrowing |
| Call number prefix | 632.9ROB |
| Withdrawn status | Item status | Damaged status | Not for loan | Home library | Current library | Shelving location | Date acquired | Source of acquisition | Total Checkouts | Full call number | Barcode | Date last seen | Koha item type |
|---|---|---|---|---|---|---|---|---|---|---|---|---|---|
| Central Library | Central Library | First floor | 08/04/2014 | Purchase | 632.9ROB | 000011023 | 15/07/2025 | Book - Borrowing |